[Event "East Lansing (MOR/6/25)"]
[Site "?"]
[Date "1993.??.??"]
[Round "?"]
[White "Horn, K."]
[Black "Koernke, R."]
[Result "1-0"]
[WhiteElo "1605"]
[BlackElo "1605"]
[PlyCount "69"]
[EventDate "1993.??.??"]

{6/(25)} 1. d4 d5 2. Nf3 e6 3. c4 Nf6 4. Nc3 Bb4 5. e3 Nc6 6. Bd2 O-O 7. Be2
dxc4 8. Bxc4 Nd5 9. O-O Nb6 10. Bd3 Re8 11. a3 Bf8 12. Qc2 g6 13. Ne5 Nxe5 14.
dxe5 Bd7 15. Nb5 Bxb5 16. Bxb5 c6 17. Be2 Qb8 18. f4 Nd5 19. Kh1 Rc8 20. Rf3 c5
21. e4 Ne7 22. a4 Nc6 23. Bc3 Qc7 24. Qd1 Rd8 25. Qf1 Nd4 26. Rh3 Rd7 27. Bxd4
Rxd4 28. Re3 Qb6 29. b3 Qb4 30. Bc4 Rad8 31. f5 Bh6 32. fxe6 Rf8 33. e7 Rd7 34.
exf8=Q+ Kxf8 35. Rf3 1-0

[Event "East Lansing (MOR/4/8)"]
[Site "?"]
[Date "1993.??.??"]
[Round "?"]
[White "Horn, K."]
[Black "Carr, J."]
[Result "0-1"]
[WhiteElo "1605"]
[BlackElo "1725"]
[PlyCount "88"]
[EventDate "1993.??.??"]

{4/(8)} 1. d4 d5 2. c4 c6 3. Nf3 Nf6 4. Nc3 dxc4 5. Bg5 b5 6. a4 b4 7. Nb1 h6
8. Bxf6 exf6 9. e3 Be6 10. Nbd2 c3 11. bxc3 bxc3 12. Ne4 Qa5 13. Qc2 Bb4 14.
Be2 O-O 15. O-O Bf5 16. Bd3 Bxe4 17. Bxe4 Re8 18. Ne1 Re6 19. Qd3 Nd7 20. Bf5
Rd6 21. Bxd7 Rxd7 22. Qe4 Qd5 23. Qc2 Rb7 24. Nd3 Ba5 25. Rfb1 Rab8 26. Rxb7
Rxb7 27. Rb1 Rb6 28. Nf4 Qc4 29. Rxb6 axb6 30. h3 b5 31. axb5 cxb5 32. Qe4 Bc7
33. Qe8+ Kh7 34. Qe4+ g6 35. Nxg6 fxg6 36. Qe7+ Kg8 37. Qe8+ Kg7 38. Qe7+ Qf7
39. Qb4 c2 40. Qc5 Bd6 41. Qxc2 Qc7 42. Qb1 b4 43. Kf1 Qc4+ 44. Ke1 b3 0-1

[Event "East Lansing (MOR/3/16)"]
[Site "?"]
[Date "1993.??.??"]
[Round "?"]
[White "Horn, K."]
[Black "Benjamin, H."]
[Result "1-0"]
[WhiteElo "1605"]
[BlackElo "1670"]
[PlyCount "79"]
[EventDate "1993.??.??"]

{3/(16)} 1. d4 d5 2. c4 Nf6 3. cxd5 Nxd5 4. e4 Nf6 5. Nc3 e6 6. a3 a6 7. Nf3 b5
8. b4 Bb7 9. Bd3 Nbd7 10. O-O Nb6 11. Qe2 Qd7 12. Rd1 c6 13. h3 Be7 14. Be3 Bd8
15. Nd2 Bc7 16. Nb3 Qe7 17. Nc5 Bc8 18. f4 Nbd7 19. a4 Nxc5 20. bxc5 b4 21. Na2
a5 22. Rdb1 Qd7 23. f5 e5 24. d5 Bb7 25. d6 Bb8 26. Nc1 Qc8 27. Nb3 Ba6 28. Rd1
Nxe4 29. d7+ Qxd7 30. Bxa6 Qxf5 31. Bd3 Nc3 32. Qd2 Qd7 33. Re1 Qc7 34. Bf4 f6
35. Qc2 Kf7 36. Bd2 e4 37. Bxe4 Qh2+ 38. Kf1 Qh1+ 39. Kf2 Bg3+ 40. Kxg3 1-0

[Event "Flint (Class C/4)"]
[Site "?"]
[Date "1993.??.??"]
[Round "?"]
[White "Hooks, Jerry"]
[Black "Waltz, Glenn"]
[Result "1/2-1/2"]
[WhiteElo "1605"]
[BlackElo "1605"]
[PlyCount "108"]
[EventDate "1993.??.??"]

1. c4 g6 2. Nc3 Bg7 3. g3 Nf6 4. Bg2 d6 5. Nf3 Nbd7 6. O-O e6 7. d4 c6 8. Bd2
O-O 9. Qc1 Re8 10. Bh6 Bh8 11. Bg5 e5 12. dxe5 dxe5 13. Ne4 Qc7 14. Nfd2 b6 15.
Nxf6+ Nxf6 16. Ne4 Nxe4 17. Bxe4 f5 18. Bg2 Bb7 19. Rd1 c5 20. Bd2 Bxg2 21.
Kxg2 Qc6+ 22. Kg1 Rad8 23. Bc3 Qc7 24. Qc2 Re6 25. Rxd8+ Qxd8 26. Rd1 Rd6 27.
Rxd6 Qxd6 28. Qd2 Qxd2 29. Bxd2 e4 30. b4 Be5 31. bxc5 bxc5 32. Be3 Bd6 33. h4
h5 34. Kg2 Kf7 35. f3 Ke6 36. Bf4 exf3+ 37. Kxf3 Kd7 38. Bxd6 Kxd6 39. Kf4 Ke6
40. e4 fxe4 41. Kxe4 a5 42. a4 Kd6 43. Kf4 Ke6 44. Ke4 Kd6 45. Kf4 Ke6 46. g4
hxg4 47. Kxg4 Kf6 48. Kf4 Ke6 49. Kg5 Kf7 50. Kg4 Kf6 51. Kf4 Ke6 52. Kg5 Kf7
53. Kh6 Kf6 54. Kh7 Kf7 1/2-1/2

[Event "Flint (Class C/2)"]
[Site "?"]
[Date "1993.??.??"]
[Round "?"]
[White "Hooks, Jerry"]
[Black "Duke, Daniel"]
[Result "1-0"]
[WhiteElo "1605"]
[BlackElo "1605"]
[PlyCount "109"]
[EventDate "1993.??.??"]

1. c4 e5 2. Nc3 Nc6 3. Nf3 Nf6 4. d3 Be7 5. g3 O-O 6. Bg2 d6 7. O-O a6 8. a3
Rb8 9. Bg5 h6 10. Bxf6 Bxf6 11. Nd5 Be6 12. Nxf6+ Qxf6 13. e4 Rfd8 14. Nd2 Nd4
15. h3 Bd7 16. a4 c5 17. Nf3 Qe6 18. Nxd4 exd4 19. Re1 Re8 20. Qf3 Bc6 21. Qg4
Qxg4 22. hxg4 Kf8 23. f4 Re7 24. Re2 Rbe8 25. b3 g6 26. Rae1 Bd7 27. Bf3 b6 28.
f5 gxf5 29. exf5 Rxe2 30. Rxe2 Rxe2 31. Bxe2 Kg7 32. Bf3 Kf6 33. Kh2 Kg5 34.
Kh3 a5 35. Bd5 Kf6 36. Kh4 Be8 37. Kh5 Kg7 38. g5 hxg5 39. Kxg5 f6+ 40. Kf4 Kh6
41. Bf3 Bf7 42. Bd5 Bxd5 43. cxd5 Kg7 44. Kg4 Kh6 45. Kh4 c4 46. bxc4 Kg7 47.
Kh5 Kh7 48. g4 Kg7 49. g5 fxg5 50. Kxg5 Kf7 51. f6 Kf8 52. Kg6 Kg8 53. Kg5 Kf7
54. Kf5 Ke8 55. Ke6 1-0

[Event "Jackson (Prison m)"]
[Site "?"]
[Date "1993.??.??"]
[Round "?"]
[White "Holland, K."]
[Black "Thomas, Otto"]
[Result "0-1"]
[WhiteElo "1605"]
[BlackElo "1605"]
[PlyCount "50"]
[EventDate "1993.??.??"]

1. d4 Nf6 2. Nf3 c6 3. Bg5 g6 4. Bxf6 exf6 5. e3 d5 6. Bd3 Bg7 7. O-O O-O 8. c3
Bg4 9. Nbd2 Nd7 10. Qc2 b5 11. e4 Bxf3 12. Nxf3 dxe4 13. Bxe4 Qc7 14. Rfe1 Nb6
15. b3 Rad8 16. Re3 f5 17. Bxf5 gxf5 18. Qxf5 Nd5 19. Ng5 Rfe8 20. Rxe8+ Rxe8
21. Qxf7+ Qxf7 22. Nxf7 Kxf7 23. c4 bxc4 24. bxc4 Nc3 25. a3 Bxd4 0-1

[Event "East Lansing (MOR/1b/17)"]
[Site "?"]
[Date "1993.??.??"]
[Round "?"]
[White "Holland, K."]
[Black "Stark, Jay"]
[Result "0-1"]
[WhiteElo "1605"]
[BlackElo "1605"]
[PlyCount "66"]
[EventDate "1993.??.??"]

1. d4 d5 2. Nf3 Nf6 3. Bg5 Nbd7 4. e3 e6 5. Nbd2 Be7 6. c3 O-O 7. Qc2 c5 8. b3
a6 9. a4 Qa5 10. Bd3 b5 11. O-O c4 12. axb5 cxd3 13. Qxd3 Qb6 14. c4 Bb7 15. c5
Qxb5 16. Qxb5 axb5 17. b4 h6 18. Bh4 g5 19. Bg3 Bc6 20. Nb3 Ra4 21. Na5 Rc8 22.
Rfc1 Rxb4 23. Nxc6 Rxc6 24. Ra7 Bf8 25. h3 Kg7 26. Ne5 Nxe5 27. Bxe5 Kg6 28. g4
Ne4 29. f3 Nd2 30. Kf2 Nc4 31. Rh1 Rb2+ 32. Kg3 Nxe3 33. Ra8 Rg2# 0-1

[Event "East Lansing (MOR/5/31)"]
[Site "?"]
[Date "1993.??.??"]
[Round "?"]
[White "Holland, K."]
[Black "Rodriguez, Juan"]
[Result "0-1"]
[WhiteElo "1605"]
[BlackElo "1605"]
[PlyCount "56"]
[EventDate "1993.??.??"]

{5/(31)} 1. d4 d5 2. Nf3 Nf6 3. Bg5 c6 4. e3 Qb6 5. b3 Bg4 6. Nbd2 Ne4 7. Bf4
e6 8. Bd3 Bb4 9. h3 Bxd2+ 10. Kf1 Bxf3 11. gxf3 Bc3 12. fxe4 Bxa1 13. Qxa1 Nd7
14. e5 h6 15. h4 O-O-O 16. Qd1 g5 17. Bg3 Qb4 18. c4 Qf8 19. Qg4 Qg7 20. h5
Rhf8 21. cxd5 cxd5 22. e4 Nb6 23. a4 dxe4 24. Qxe4 Nd5 25. Ke2 Nc3+ 26. Kd2
Nxe4+ 27. Bxe4 Rxd4+ 28. Ke3 Rxe4+ 0-1

[Event "East Lansing (MOR/3/52)"]
[Site "?"]
[Date "1993.??.??"]
[Round "?"]
[White "Holland, K."]
[Black "Banks, David"]
[Result "1-0"]
[WhiteElo "1605"]
[BlackElo "1605"]
[PlyCount "67"]
[EventDate "1993.??.??"]

{3/(52)} 1. d4 e6 2. Nf3 d5 3. Bf4 Nc6 4. e3 Bd6 5. Bxd6 Qxd6 6. c3 Nge7 7. Bd3
O-O 8. O-O e5 9. e4 Ng6 10. exd5 Qxd5 11. Nbd2 exd4 12. Nxd4 Nxd4 13. cxd4 Bf5
14. Nf3 Bxd3 15. Qxd3 Rad8 16. b3 Nf4 17. Qd2 Qe4 18. Rfe1 Qg6 19. Qxf4 Rfe8
20. Qxc7 h6 21. Rxe8+ Rxe8 22. Qxb7 a5 23. h3 Qh5 24. Rd1 Re6 25. d5 Rg6 26.
Kh2 Qf5 27. Qb8+ Kh7 28. Nh4 Qc2 29. Rd4 Rf6 30. f3 Qxa2 31. d6 Qb2 32. d7 Qxd4
33. d8=Q Qb2 34. Qh8# 1-0

[Event "Flint (MI Jr/1)"]
[Site "?"]
[Date "1993.??.??"]
[Round "?"]
[White "Holdcraft, J."]
[Black "Link, J."]
[Result "0-1"]
[WhiteElo "1605"]
[BlackElo "1730"]
[PlyCount "52"]
[EventDate "1993.??.??"]

1. e4 e5 2. d4 exd4 3. c3 dxc3 4. Bc4 Qf6 5. Nxc3 Bb4 6. Nge2 Ne7 7. O-O O-O 8.
a3 Bxc3 9. Nxc3 d6 10. Be3 Be6 11. Nd5 Nxd5 12. Bxd5 Bxd5 13. Qxd5 Nc6 14. b4
Qe5 15. Qd3 a6 16. Rfe1 f5 17. exf5 Rxf5 18. Bd4 Qd5 19. Re4 Raf8 20. f3 Rf4
21. Rae1 Nxd4 22. Qc3 Nxf3+ 23. gxf3 Rxf3 24. Qxc7 Qg5+ 25. Kh1 Rf1+ 26. Rxf1
Rxf1# 0-1

[Event "Flint (MI Jr/3)"]
[Site "?"]
[Date "1993.??.??"]
[Round "?"]
[White "Holdcraft, J."]
[Black "Banks, David"]
[Result "1-0"]
[WhiteElo "1605"]
[BlackElo "1605"]
[PlyCount "89"]
[EventDate "1993.??.??"]

1. e4 e5 2. d4 Nc6 3. d5 Nb4 4. a3 Na6 5. Nf3 d6 6. Bb5+ c6 7. dxc6 Nc5 8. c7+
Qd7 9. Bxd7+ Bxd7 10. O-O Nf6 11. Nc3 Ncxe4 12. Nxe4 Nxe4 13. Qd3 Bf5 14. Qb5+
Bd7 15. Qxb7 Rc8 16. Qxe4 Rxc7 17. Be3 Bc6 18. Qc4 d5 19. Qa6 Bd6 20. Bxa7 O-O
21. Bb6 Ra8 22. Bxc7 Rxa6 23. Bxd6 Bb5 24. Rfe1 e4 25. c4 Bxc4 26. Bb4 Bb5 27.
Rac1 Ra8 28. Nd2 Bd3 29. Rc5 d4 30. Rec1 Ba6 31. Nxe4 d3 32. Nd2 Bb7 33. h3 h6
34. R1c3 Rd8 35. a4 Ba6 36. a5 Re8 37. Kf1 Re2 38. Ra3 Rxd2 39. Bxd2 g6 40. Rd5
f5 41. Rd7 Kf8 42. Rb3 Ke8 43. Rh7 h5 44. Rb8+ Bc8 45. Rxc8# 1-0

[Event "Gaylord (NMO/4/15)"]
[Site "?"]
[Date "1993.??.??"]
[Round "?"]
[White "Hoffman, M."]
[Black "Sussex, P."]
[Result "1-0"]
[WhiteElo "1635"]
[BlackElo "1605"]
[PlyCount "117"]
[EventDate "1993.??.??"]

{4/(15)} 1. e4 e5 2. Nf3 Nc6 3. d3 Bc5 4. g3 d6 5. Bg2 Nf6 6. Bg5 h6 7. Be3
Bxe3 8. fxe3 Ng4 9. Qe2 Nb4 10. a3 Nc6 11. Nc3 a6 12. O-O O-O 13. Nh4 Nf6 14.
Nf5 Ne7 15. Nxh6+ gxh6 16. Rxf6 Ng6 17. Raf1 Be6 18. Qh5 Kg7 19. Qf3 c6 20. h4
Qd7 21. Qe2 Bg4 22. Qf2 h5 23. Bf3 Bh3 24. Re1 Kh6 25. Bd1 Rae8 26. Kh2 Re7 27.
Ne2 Bg4 28. Ng1 Bxd1 29. Rxd1 Re6 30. Rf1 Kg7 31. Qf3 Rxf6 32. Qxf6+ Kg8 33.
Qg5 Qg4 34. Qxg4 hxg4 35. Rf5 f6 36. Ne2 Kg7 37. Nc3 b5 38. Kg2 Ne7 39. Rf1 f5
40. exf5 Nxf5 41. Nd1 Rf6 42. c3 Ne7 43. Rxf6 Kxf6 44. Nf2 Nd5 45. Nxg4+ Kf5
46. Kf3 Nf6 47. Nxf6 Kxf6 48. h5 d5 49. b4 Kf5 50. g4+ Kg5 51. e4 Kh6 52. d4
exd4 53. cxd4 Kg5 54. e5 Kh6 55. Kf4 Kg7 56. Kg5 Kf7 57. e6+ Kxe6 58. Kg6 Ke7
59. Kg7 1-0

[Event "Gaylord (NMO/5/14)"]
[Site "?"]
[Date "1993.??.??"]
[Round "?"]
[White "Hoffman, M."]
[Black "Miller, J."]
[Result "1-0"]
[WhiteElo "1635"]
[BlackElo "1605"]
[PlyCount "55"]
[EventDate "1993.??.??"]

{5/(14)} 1. e4 e6 2. d3 c5 3. Nf3 d5 4. Nc3 Nc6 5. g3 Nf6 6. e5 Nd7 7. Bf4 d4
8. Ne4 Qc7 9. Nd6+ Bxd6 10. exd6 Qb6 11. Bh3 Qb4+ 12. Bd2 Qxb2 13. O-O Nf6 14.
Ng5 h6 15. Ne4 Nxe4 16. dxe4 e5 17. Rb1 Qxa2 18. Bxc8 Rxc8 19. Qg4 Qe6 20. Qxg7
Kd7 21. Rxb7+ Kxd6 22. Qxf7 Qxf7 23. Rxf7 c4 24. f4 h5 25. fxe5+ Nxe5 26. Bb4+
Kc6 27. R1f6+ Kb5 28. Rb7+ 1-0

[Event "Gaylord (NMO/2/14)"]
[Site "?"]
[Date "1993.??.??"]
[Round "?"]
[White "Hoffman, M."]
[Black "Cutler, C."]
[Result "0-1"]
[WhiteElo "1635"]
[BlackElo "1605"]
[PlyCount "96"]
[EventDate "1993.??.??"]

{2/(14)} 1. e4 c5 2. Nf3 Nc6 3. g3 e5 4. Bg2 Nf6 5. d3 Be7 6. O-O d6 7. Nc3 Bg4
8. h3 Bh5 9. g4 Nxg4 10. hxg4 Bxg4 11. Ne2 h5 12. Nh2 Qd7 13. f3 Bh3 14. Qe1 h4
15. Bd2 Bxg2 16. Kxg2 h3+ 17. Kh1 Bh4 18. Qd1 O-O-O 19. Rg1 f5 20. Bg5 Bxg5 21.
Rxg5 fxe4 22. dxe4 Qe7 23. Qg1 Rh7 24. c3 d5 25. Rd1 d4 26. Qg4+ Kc7 27. Rh5 d3
28. Nc1 d2 29. Ne2 g6 30. Rxh7 Qxh7 31. Qg5 Qd7 32. Nf1 Qd3 33. Qe3 Qc2 34.
Rxd2 Qb1 35. Qg1 Rxd2 36. Nxd2 Qxb2 37. Qc1 Qxa2 38. Ng1 Qe6 39. Kh2 g5 40.
Nxh3 g4 41. fxg4 Qxg4 42. Qf1 a5 43. Qf3 Qxf3 44. Nxf3 b5 45. Nd2 a4 46. Nf2 a3
47. Nb3 a2 48. Nd1 Na5 0-1

[Event "Ann Arbor (HV Mini)"]
[Site "?"]
[Date "1993.??.??"]
[Round "?"]
[White "Ho, E."]
[Black "Wong, A."]
[Result "0-1"]
[WhiteElo "1605"]
[BlackElo "1675"]
[PlyCount "74"]
[EventDate "1993.??.??"]

1. d4 Nf6 2. Nd2 g6 3. e3 d5 4. Ngf3 Bg7 5. Bd3 O-O 6. O-O Bg4 7. h3 Bxf3 8.
Nxf3 Nbd7 9. Re1 c5 10. c4 dxc4 11. Bxc4 cxd4 12. Nxd4 Rc8 13. b3 Nb6 14. Qe2
Nxc4 15. bxc4 Qc7 16. Qf3 Qxc4 17. Qxb7 Nd5 18. Bb2 Rb8 19. Qxa7 Rxb2 20. Rec1
Qb4 21. Nc6 Qd2 22. e4 Nc3 23. Rf1 Ne2+ 24. Kh1 Ng3+ 25. Kg1 Nxf1 26. Rxf1 Rxa2
27. Qc5 Rc2 28. Nxe7+ Kh8 29. Qa7 Rc1 30. Qa6 Rxf1+ 31. Qxf1 Ra8 32. Qb1 Ra1
33. Qxa1 Bxa1 34. Nd5 Bd4 35. Ne3 Bxe3 36. fxe3 Qxe3+ 37. Kf1 Qxe4 0-1

[Event "Ann Arbor (HV Mini)"]
[Site "?"]
[Date "1993.??.??"]
[Round "?"]
[White "Ho, E."]
[Black "Vaughn, Gerald"]
[Result "0-1"]
[WhiteElo "1605"]
[BlackElo "1605"]
[PlyCount "50"]
[EventDate "1993.??.??"]

1. d4 Nf6 2. Nd2 Nc6 3. e3 d5 4. f4 Bg4 5. Ngf3 e6 6. Bd3 a6 7. c3 Bd6 8. O-O
Ne7 9. Qe1 c5 10. c4 O-O 11. h3 Bf5 12. Qe2 cxd4 13. Nxd4 Bxd3 14. Qxd3 Nh5 15.
b3 Ng3 16. Rf3 Ngf5 17. Bb2 Nxd4 18. Bxd4 Nf5 19. Bc3 Bc5 20. Nf1 d4 21. exd4
Nxd4 22. Bxd4 Qxd4+ 23. Kh1 Qxa1 24. f5 Qd4 25. Qe2 Qg1# 0-1

[Event "Lansing (MI Am/5)"]
[Site "?"]
[Date "1993.??.??"]
[Round "?"]
[White "Ho, E."]
[Black "Troupe, D."]
[Result "1-0"]
[WhiteElo "1605"]
[BlackElo "1605"]
[PlyCount "71"]
[EventDate "1993.??.??"]

1. d4 d5 2. Nf3 Nc6 3. Bg5 Bg4 4. Nbd2 Qd7 5. h3 Bh5 6. c3 e6 7. e3 a6 8. Bd3
Be7 9. Qc2 f5 10. g4 Bg6 11. O-O-O h6 12. Bf4 Bd6 13. Bxd6 Qxd6 14. Nb3 Nge7
15. Nc5 O-O-O 16. Qb3 Na5 17. Qb4 Qb6 18. Qxb6 cxb6 19. Nxe6 Rdg8 20. Ne5 Bh7
21. Nf7 Kd7 22. Nf4 g5 23. Nxh8 Rxh8 24. Ne2 fxg4 25. Bxh7 Rxh7 26. hxg4 Nc4
27. Ng3 b5 28. b3 a5 29. bxc4 dxc4 30. Ne4 b4 31. Kb2 Nd5 32. cxb4 axb4 33. Rc1
c3+ 34. Kb3 b5 35. Nc5+ Kd6 36. Na6 1-0

[Event "Lansing (MI Am/1)"]
[Site "?"]
[Date "1993.??.??"]
[Round "?"]
[White "Ho, E."]
[Black "McCarter, Robert"]
[Result "0-1"]
[WhiteElo "1605"]
[BlackElo "1715"]
[PlyCount "100"]
[EventDate "1993.??.??"]

1. d4 Nf6 2. Nf3 g6 3. Bg5 Bg7 4. Nbd2 O-O 5. e3 d6 6. Bd3 Nbd7 7. c3 c5 8. h4
Re8 9. Bxf6 Nxf6 10. Ng5 cxd4 11. cxd4 h6 12. Nge4 e5 13. Nxf6+ Bxf6 14. h5 g5
15. Ne4 exd4 16. Qf3 Bg7 17. Ng3 dxe3 18. fxe3 Bxb2 19. O-O Qe7 20. Nf5 Bxf5
21. Qxf5 Qxe3+ 22. Kh1 Qe6 23. Qh7+ Kf8 24. Bg6 Re7 25. Qxh6+ Bg7 26. Qh7 Bxa1
27. Rxa1 fxg6 28. Rf1+ Rf7 29. Qh6+ Kg8 30. Rxf7 Qxf7 31. hxg6 Qf1+ 32. Kh2
Qf4+ 33. Kg1 Qh4 34. Qxh4 gxh4 35. Kh2 Kg7 36. Kh3 Kxg6 37. Kxh4 Rh8+ 38. Kg4
Rh2 39. Kf3 Kg5 40. Kg3 Rh7 41. Kf3 b5 42. Ke3 Kf5 43. Kd4 Rg7 44. Kd5 Rxg2 45.
a3 Ra2 46. Kxd6 Rxa3 47. Kc6 a6 48. Kb6 b4 49. Kc5 b3 50. Kb4 b2 0-1

[Event "Troy (TCC/DEU/5/2)"]
[Site "?"]
[Date "1993.??.??"]
[Round "?"]
[White "Ho, E."]
[Black "Mansour, K."]
[Result "0-1"]
[WhiteElo "1605"]
[BlackElo "1605"]
[PlyCount "64"]
[EventDate "1993.??.??"]

{5/(2)} 1. d4 Nf6 2. Bg5 e6 3. Nd2 Be7 4. e3 d5 5. Bd3 h6 6. Bf4 Bd6 7. Bxd6
Qxd6 8. e4 Nxe4 9. Nxe4 dxe4 10. Bxe4 Qb4+ 11. c3 Qxb2 12. Rb1 Qxc3+ 13. Ke2
O-O 14. Nf3 Qc4+ 15. Bd3 Qxa2+ 16. Bc2 b6 17. Qd3 Ba6 18. Rb5 Bxb5 19. Qxb5
Qxc2+ 20. Nd2 a6 21. Qe5 Nd7 22. Qe3 Nf6 23. f3 Nd5 24. Qa3 Nf4+ 25. Ke1 Nxg2+
26. Ke2 Nf4+ 27. Ke1 Rfd8 28. Qa1 Qd3 29. Kd1 Rxd4 30. Qb2 Qe2+ 31. Kc1 Nd3+
32. Kb1 Nxb2 0-1

[Event "Troy (TCC/DEU/2/12)"]
[Site "?"]
[Date "1993.??.??"]
[Round "?"]
[White "Ho, E."]
[Black "Demers, J."]
[Result "1-0"]
[WhiteElo "1605"]
[BlackElo "1605"]
[PlyCount "87"]
[EventDate "1993.??.??"]

{2/(12)} 1. d4 Nf6 2. Nf3 e6 3. Bg5 Be7 4. Nbd2 d5 5. e3 Nbd7 6. Bd3 c5 7. c3
c4 8. Bb1 h6 9. Bf4 b5 10. b4 Nh5 11. Ne5 Nxf4 12. exf4 Bb7 13. Qh5 Nxe5 14.
fxe5 Bg5 15. Nf3 g6 16. Qg4 h5 17. Qxg5 Qxg5 18. Nxg5 Bc6 19. f4 Bd7 20. O-O a5
21. Bc2 axb4 22. cxb4 Rc8 23. a4 bxa4 24. Bxa4 Bxa4 25. Rxa4 Ke7 26. Ra7+ Kf8
27. Rxf7+ Kg8 28. Re7 c3 29. Rc1 Kf8 30. Rxe6 Rc7 31. Rd6 Rc4 32. Rxd5 Rh7 33.
Nxh7+ Kg8 34. Nf6+ Kf7 35. Rc5 Rxd4 36. g3 Ke6 37. b5 c2 38. R5xc2 Rb4 39. Rc6+
Kf5 40. b6 h4 41. Re1 g5 42. Nd5 gxf4 43. gxf4 Rb5 44. Rd6 1-0

[Event "Lansing (MI Am/3)"]
[Site "?"]
[Date "1993.??.??"]
[Round "?"]
[White "Ho, E."]
[Black "Banks, David"]
[Result "1/2-1/2"]
[WhiteElo "1605"]
[BlackElo "1605"]
[PlyCount "93"]
[EventDate "1993.??.??"]

1. d4 d5 2. Nf3 Nc6 3. Bg5 f6 4. Bf4 e6 5. c3 Bd6 6. Bxd6 Qxd6 7. e3 e5 8. Bb5
Bd7 9. O-O O-O-O 10. Bxc6 Bxc6 11. dxe5 fxe5 12. Ng5 Nh6 13. f4 exf4 14. Rxf4
Rdf8 15. Qd4 Rf6 16. Nd2 Rhf8 17. Raf1 Bb5 18. R1f2 Rf5 19. Qxg7 Bd7 20. Qd4 c5
21. Qd3 a6 22. e4 Rxf4 23. Ndf3 Bb5 24. Qc2 Ng4 25. Re2 Bxe2 26. Qxe2 dxe4 27.
Nxe4 Rxe4 28. Qxe4 Qd1+ 29. Ne1 Rf2 30. h3 Re2 31. Qxg4+ Kb8 32. Qg3+ Ka7 33.
Kf1 a5 34. b4 cxb4 35. cxb4 axb4 36. h4 h5 37. a3 b3 38. Qc3 b2 39. Qc5+ Kb8
40. Qf8+ Ka7 41. Qc5+ Ka8 42. Qf8+ Ka7 43. Qc5+ Ka8 44. Qf8+ Ka7 45. Qc5+ Kb8
46. Qf8+ Ka7 47. Qc5+ 1/2-1/2

[Event "East Lansing (MOR/2/42)"]
[Site "?"]
[Date "1993.??.??"]
[Round "?"]
[White "Hill, M."]
[Black "Mitchell, Dave"]
[Result "0-1"]
[WhiteElo "1605"]
[BlackElo "1605"]
[PlyCount "42"]
[EventDate "1993.??.??"]

{2/(42)} 1. c4 Nf6 2. Nc3 e6 3. g3 d5 4. cxd5 exd5 5. d4 Bb4 6. e3 Bg4 7. Qb3
a5 8. Bd2 O-O 9. h3 Bh5 10. Bg2 c6 11. a3 Bxc3 12. bxc3 b5 13. Nf3 Bxf3 14.
Bxf3 Nbd7 15. Qc2 Re8 16. g4 Nb6 17. Be2 Ne4 18. O-O Qh4 19. Be1 Qxh3 20. Qd1
Re6 21. Bf3 Rh6 0-1

[Event "Flint (MI Jr/1)"]
[Site "?"]
[Date "1993.??.??"]
[Round "?"]
[White "Hill, Brent"]
[Black "Palmerton, W."]
[Result "1-0"]
[WhiteElo "1605"]
[BlackElo "1605"]
[PlyCount "67"]
[EventDate "1993.??.??"]

1. d4 d5 2. c4 Nf6 3. Nc3 g6 4. e3 Bf5 5. Nf3 Nc6 6. Qb3 dxc4 7. Bxc4 e6 8.
Qxb7 Na5 9. Qb5+ c6 10. Qa4 Nd7 11. e4 Nb6 12. Qxa5 Bg4 13. Ne5 Qxd4 14. Be3
Qxe5 15. Qxe5 Be7 16. Qxh8+ Bf8 17. Ba6 Rd8 18. O-O Nd7 19. Bxa7 Ra8 20. Bb7
Rxa7 21. Bxc6 Ke7 22. Nb5 Ra6 23. Bxd7 Kxd7 24. Qxf8 Kc6 25. Nd4+ Kd7 26. Qxf7+
Kd6 27. f3 Bh5 28. Qxe6+ Kc5 29. Qxa6 Kxd4 30. Rfd1+ Ke5 31. Rac1 Kf4 32. Kf2
Bxf3 33. gxf3 g5 34. Qf6# 1-0

[Event "Flint (MI Jr/3)"]
[Site "?"]
[Date "1993.??.??"]
[Round "?"]
[White "Hill, Brent"]
[Black "Mannor, Eric"]
[Result "0-1"]
[WhiteElo "1605"]
[BlackElo "1605"]
[PlyCount "114"]
[EventDate "1993.??.??"]

1. d4 d5 2. c4 dxc4 3. e4 Nf6 4. Nc3 Nc6 5. Nf3 Bg4 6. d5 Bxf3 7. Qxf3 Ne5 8.
Qg3 Nd3+ 9. Bxd3 cxd3 10. Qxd3 e6 11. Qb5+ c6 12. dxc6 bxc6 13. Qxc6+ Nd7 14.
O-O Bc5 15. Rd1 Rc8 16. Qa4 Rc7 17. Bf4 Rb7 18. Qc6 Bxf2+ 19. Kxf2 Rxb2+ 20.
Kf1 Rb6 21. Qa4 O-O 22. Rxd7 Qf6 23. e5 Qf5 24. Rad1 g5 25. R7d4 h5 26. g3 gxf4
27. Rxf4 Qh3+ 28. Kg1 Rb2 29. Rf2 Rxf2 30. Kxf2 Qxh2+ 31. Kf3 f6 32. Qh4 fxe5+
33. Ke4 Rf4+ 34. Qxf4 exf4 35. gxf4 Qh3 36. Kd4 Qf5 37. Ke3 Qc5+ 38. Kd3 h4 39.
Rh1 Qf5+ 40. Ke3 Qg4 41. Ne2 Kf7 42. Kf2 h3 43. Rh2 Kf6 44. Ke3 e5 45. f5 e4
46. Rf2 Qh4 47. Nf4 Qh6 48. Kxe4 h2 49. Nd5+ Kf7 50. Rxh2 Qxh2 51. a3 Qc2+ 52.
Kf4 Qa4+ 53. Ke5 Qxa3 54. f6 Qc5 55. Ke4 a5 56. Ne7 Kxf6 57. Nd5+ Kg5 0-1

[Event "Flint (MI Jr/5)"]
[Site "?"]
[Date "1993.??.??"]
[Round "?"]
[White "Hill, Brent"]
[Black "Calton, David A"]
[Result "0-1"]
[WhiteElo "1605"]
[BlackElo "1785"]
[PlyCount "98"]
[EventDate "1993.??.??"]

1. d4 g6 2. c4 Bg7 3. Nc3 d6 4. Nf3 Nc6 5. e4 e5 6. Be3 h6 7. d5 Nce7 8. h3 f5
9. c5 Nf6 10. g3 O-O 11. Bd3 a6 12. Qd2 Kh7 13. a4 g5 14. Qc2 fxe4 15. Bxe4+
Nxe4 16. Nxe4 Bf5 17. g4 Bg6 18. Ke2 Nxd5 19. Bxg5 Nf4+ 20. Bxf4 Rxf4 21. Nfd2
d5 22. f3 dxe4 23. fxe4 Qd4 24. Nf3 Qxe4+ 25. Qxe4 Bxe4 26. Nd2 Bxh1 27. Rxh1
Raf8 28. Ke3 Rxa4 29. b3 Ra5 30. Rc1 Ra2 31. Kd3 Rd8+ 32. Ke3 Raxd2 33. Rc3 e4
34. Rc4 R8d3+ 35. Kxe4 Rd4+ 36. Rxd4 Rxd4+ 37. Kf5 Rd5+ 38. Ke6 Rxc5 39. Kd7
Kg6 40. Kc8 Be5 41. Kxb7 Rb5+ 42. Kxa6 Rxb3 43. Ka5 Kf6 44. Ka4 Rb2 45. h4 Ke6
46. g5 Kd5 47. gxh6 Kc4 48. Ka3 Rh2 49. h7 Rxh4 0-1

[Event "Eastpointe (MI Action/6/26)"]
[Site "?"]
[Date "1993.??.??"]
[Round "?"]
[White "Hill, Brad"]
[Black "Lyons, R."]
[Result "1-0"]
[WhiteElo "1605"]
[BlackElo "1605"]
[PlyCount "113"]
[EventDate "1993.??.??"]

{6/(26)} 1. e4 e5 2. Nf3 Nc6 3. Bc4 h6 4. d3 Nf6 5. O-O Bc5 6. Nc3 O-O 7. a3 d6
8. b4 Bd4 9. Nxd4 Nxd4 10. Be3 Nc6 11. Nd5 Nxd5 12. Bxd5 Bd7 13. Bxc6 Bxc6 14.
Qg4 Qd7 15. Qg3 g5 16. h3 f6 17. Qg4 Qxg4 18. hxg4 d5 19. exd5 Bxd5 20. Bc5
Rfe8 21. c4 b6 22. cxd5 bxc5 23. bxc5 Rad8 24. d6 cxd6 25. cxd6 Rxd6 26. Rfd1
Kg7 27. Rac1 Red8 28. Rc7+ R8d7 29. Rxd7+ Rxd7 30. f3 Kg6 31. Kf2 f5 32. Ke3
f4+ 33. Ke4 Kf6 34. d4 Re7 35. d5 Rd7 36. a4 Kg6 37. Rb1 Kf6 38. a5 Rd6 39. Rb7
Ra6 40. d6 Rxa5 41. d7 Ra4+ 42. Kd5 Ke7 43. Kxe5 Ra6 44. Kf5 Rf6+ 45. Ke5 Re6+
46. Kf5 Rd6 47. Rxa7 Kd8 48. Ke5 Ke7 49. d8=Q+ Kxd8 50. Kxd6 Ke8 51. Rd7 Kf8
52. Re7 Kg8 53. Ke6 Kf8 54. Kf6 Kg8 55. Rf7 Kh8 56. Kg6 h5 57. Rf8# 1-0

[Event "Eastpointe (MI Action/4/23)"]
[Site "?"]
[Date "1993.??.??"]
[Round "?"]
[White "Hill, Brad"]
[Black "Gramlich, Allen"]
[Result "0-1"]
[WhiteElo "1605"]
[BlackElo "1605"]
[PlyCount "86"]
[EventDate "1993.??.??"]

{4/(23)} 1. e4 d6 2. d3 Nf6 3. Bg5 h6 4. Bxf6 exf6 5. c3 d5 6. b4 dxe4 7. dxe4
Qxd1+ 8. Kxd1 c5 9. Bb5+ Bd7 10. Bxd7+ Nxd7 11. Nf3 cxb4 12. cxb4 Bxb4 13. Nbd2
Bxd2 14. Kxd2 O-O 15. Rhe1 Ne5 16. Nxe5 fxe5 17. Rec1 Rfd8+ 18. Ke3 Rac8 19.
Rxc8 Rxc8 20. Rb1 Rc3+ 21. Kd2 Ra3 22. Rxb7 Rxa2+ 23. Ke3 a5 24. Rb8+ Kh7 25.
f4 exf4+ 26. Kxf4 Rxg2 27. h4 a4 28. Rf8 a3 29. Rxf7 Rf2+ 30. Ke5 Rxf7 31. Ke6
Rf4 32. e5 Rd4 33. Kf7 a2 34. e6 Rf4+ 35. Ke8 a1=Q 36. e7 Qa8+ 37. Kd7 Rf7 38.
Ke6 Rxe7+ 39. Kxe7 Qb7+ 40. Ke8 Qc6+ 41. Kf7 Qd7+ 42. Kf8 Kg6 43. Kg8 Qe8# 0-1

[Event "Eastpointe (MI Action/1/26)"]
[Site "?"]
[Date "1993.??.??"]
[Round "?"]
[White "Hill, Brad"]
[Black "Bailey, Jason"]
[Result "0-1"]
[WhiteElo "1605"]
[BlackElo "1700"]
[PlyCount "52"]
[EventDate "1993.??.??"]

{1/(26)} 1. e4 e5 2. Nf3 Nf6 3. Bc4 Nxe4 4. d3 Nf6 5. Nxe5 d5 6. Bb3 Bd6 7. Bf4
O-O 8. O-O Re8 9. Re1 c6 10. c4 Qc7 11. d4 Nbd7 12. Nxd7 Bxd7 13. Bxd6 Rxe1+
14. Qxe1 Qxd6 15. Nc3 Re8 16. Qf1 Ng4 17. g3 Qh6 18. h4 g5 19. Qg2 gxh4 20.
gxh4 Kh8 21. cxd5 Rg8 22. Ne4 Qxh4 23. Kf1 Nh2+ 24. Kg1 Rxg2+ 25. Kxg2 Qh3+ 26.
Kg1 Nf3# 0-1